01067njm a2200265Ia 450000100060000000300090000600500170001500800410003204000130007304000130008604100120009910000160011110000180012710000380014524500280018325000110021126000120022226000610023430000100029550000360030550502560034151100880059765000560068570000600074140255IT-RoPAU20220918181128.0131025s9999 xx 000 0 und d aIT-RoPAU cIT-RoPAU aINGLESE aByrne David eAutore musica gCodice autore musica SPICS: 10066 aSound From True Stories a1a ed. aENGLAND bEMI RECORDSc1986 [1a Ed.:1986 - Ed. Lingua Orig.: 1986] aDISCO aColonna sonora. Musica da film. aCocktail Desperado - Road Song - Freeway Son - Brownie's Theme - Mall Muzak - Dinner Music - Disco Hits! - City of Steel - Love Theme From True Stories - Festa Para Um Rei Negro - Buster's Theme - Soy De Rejas - I Love Metal Buildings - Glass Operator aFinch Carl; Banda Eclipse; Monk Meredith; Allen Terry; Kronos Quartet; Jordan Steve aCOLONNA SONORA [DISCHI]eCodice MATERIA SPICS: 9950 aByrne DavidgCodice interprete SPICS: 10066eInterprete